000 00377nam a2200145Ia 4500
008 240624s9999 xx 000 0 und d
041 _aeng
082 _a658.404 MER
100 _aMEREDITH JACK R
245 _aPROJECT MANAGEMENT A MANAGERIAL APPROACH
250 _a(6th ed.)
260 _c2008
_aNew Delhi
_bWiley India
300 _axv, : 666 : p. : cm. ; 23
365 _cRS
999 _c20858
_d20858